| 000 | 00558nam a2200169 a 4500 | ||
|---|---|---|---|
| 001 | 000047709 | ||
| 005 | 20201002060706.0 | ||
| 008 | 110415s2008 dr a 000 0 spa d | ||
| 040 |
_aDO-SdBNP _bspa _cBNPHU |
||
| 082 |
_axxx _bR426o |
||
| 110 | 1 |
_aSecretaría de Estado de Educación. _912759 |
|
| 245 | 1 | 0 | _aMemoria de gestión 2004-2008. |
| 246 | 1 | 4 |
_aGrandes retos, importantes avances : _bMemorias 2004/2008 |
| 260 |
_aSanto Domingo : _bGestión Educativa, _c2008. |
||
| 300 |
_a147 p. : _bil., gráfs., retrs. ; _c30 cm. |
||
| 590 | _aInventariado, 2018/VM | ||
| 999 |
_c47197 _d47197 |
||